000 00738cab a2200277 4500
001 WB3419-29
008 090401t1998 xxu||||| |||| 00| 0 eng d
035 _a(Sirsi) u86288
041 _aeng
245 _aSurvey: Shanghai
260 _c1998
350 _a0
490 _aFinancial Times
_v19 May 1998, 17-19(3) LOAN
520 _aA survey of Shanghai looking at the economy, banking, employment, the environment, property and retailing.
650 _aBANKING
650 _aCHINA
650 _aECONOMY
650 _aFINANCIAL MARKETS
650 _aPROPERTY MARKET
650 _aRETAIL SECTOR
650 _aSHANGHAI
650 _aSURVEY
690 _aOVERSEAS-REST OF THE WORLD
942 _n0
948 _c19/05/1998
999 _c54289
_d54289